Nghiên cứu phương pháp ủ phân hữu cơ từ bùn đáy ao nuôi tôm thâm canh nước mặn : Báo cáo tổng kết đề tài khoa học và công nghệ cấp Trường (do nghiên cứu sinh thực hiên)

Nghiên cứu phương pháp ủ phân hữu cơ từ bùn đáy ao nuôi tôm thâm canh (EC<=4 mS.cm-1) nhằm góp phần hạn chế ô nhiễm môi trường. Nghiên cứu phối trộn bùn đáy ao nuôi tôm thâm canh với các vật liệu hữu cơ khác nhau nhằm đánh giá khả năng...

詳細記述

保存先:
書誌詳細
第一著者: Nguyễn, Văn Mạnh
フォーマット: 図書
言語:Undetermined
出版事項: Cần Thơ Trường Đại học Cần Thơ 2015
主題:
タグ: タグ追加
タグなし, このレコードへの初めてのタグを付けませんか!
Thư viện lưu trữ: Trung tâm Học liệu Trường Đại học Cần Thơ
LEADER 01427nam a2200229Ia 4500
001 CTU_210431
008 210402s9999 xx 000 0 und d
082 |a 631.8 
082 |b M107 
088 |a TNCS2014-26 
100 |a Nguyễn, Văn Mạnh 
245 0 |a Nghiên cứu phương pháp ủ phân hữu cơ từ bùn đáy ao nuôi tôm thâm canh nước mặn : 
245 0 |b Báo cáo tổng kết đề tài khoa học và công nghệ cấp Trường (do nghiên cứu sinh thực hiên) 
245 0 |c Nguyễn Văn Mạnh (chủ nhiệm đề tài) 
260 |a Cần Thơ 
260 |b Trường Đại học Cần Thơ 
260 |c 2015 
520 |a Nghiên cứu phương pháp ủ phân hữu cơ từ bùn đáy ao nuôi tôm thâm canh (EC<=4 mS.cm-1) nhằm góp phần hạn chế ô nhiễm môi trường. Nghiên cứu phối trộn bùn đáy ao nuôi tôm thâm canh với các vật liệu hữu cơ khác nhau nhằm đánh giá khả năng hoai mục của các vật liệu ủ khi có bổ sung nấm Trichoderma và không có nấm trichoderma. 
650 |a Soil conditioners,Phân bón,Điều hoà đất,Fertilizers 
904 |i trần hoàng phúc,Qhieu 
915 |a MT 
980 |a Trung tâm Học liệu Trường Đại học Cần Thơ